Competitive strategies for service businesses

Bibliographic Details
Main Author: Sawyer, Deborah C
Format: Book
Language:English
Published: Ahmedabad : Jaico Pub. , 2008
Subjects:

MARC

LEADER 00000cam a2200000 7i4500
001 0000024206
005 20120326.0
008 120315s inu# eng
020 |a 9788179929421 ,   |c RM279.00 
040 |a INS 
090 0 0 |a HD9980.5   |b S39 2008 
100 1 |a Sawyer, Deborah C 
245 1 0 |a Competitive strategies for service businesses   |c Deborah C.Sawyer 
260 |a Ahmedabad :   |b Jaico Pub. ,   |c 2008 
300 |a xii, 236p. ;   |c 24cm. 
500 |a Includes index 
650 0 |a Service industries   |x Marketing 
999 |a 1000000671   |b BOOK   |c Open Shelf   |e Default branch